000 00516nam a22001817a 4500
003 KOHA_MİRAKIL
005 20251221134633.0
008 251221b tu ||||| |||| 00| 0 tur d
020 _a9786259458229
040 _aTR-AnABB
_btur
_cTR-AnABB
041 _atur
082 _a781.6909561
_bBAL 2024
245 1 0 _aBalıkesir 4. Türk Müziği Sempozyumu /
260 _aBalıkesir :
_bBalıkesir Büyükşehir Belediyesi,
_c2024
300 _a331 sayfa ;
_c24 cm
650 0 4 _aTürk müziği
942 _2ddc
_cBK
999 _c9836
_d9836
900 _bGizem YORULMAZ